000 00986nam a2200253 a 4500
001 37731
003 BD-RjUL
005 20211209052637.0
008 150409r20071975bg a|||| b||| 00| 0 ben d
020 _a9847020204
_c: Tk. 350.00
035 _a(BD-RjUL)37835
040 _aBD-RjUL
_bben
_cBD-RjUL
_dBD-RjUL
041 _aben
082 _221
_a307.772095492
_bSAA 2007
100 1 _aসাত্তার, আবদুস
_9116229
245 1 0 _aআরণ্য জনপদে /
_cআবদুস সাত্তার
250 _a২য়. সং.
260 _aঢাকা :
_bনওরোজ সাহিত্য সম্ভার,
_c১৯৭৫ [মুদ্রণ ২০০৭]
300 _a৪০৭, [১] পৃ. :
_bচিত্র ;
_c২২ সেমি.
504 _aগ্রন্থপঞ্জী সংযুক্ত।
650 _aউপজাতি
_zবাংলাদেশ
_9116230
650 _aTribes
_zBangladesh
_9116231
942 _2ddc
_cBK
_03
999 _c37731
_d37731